Mamografia a USG diagnostika pooperačných zmien v prsníku

Bibliographic Details
Main Authors: Legiňová, Ľ. (Author), Mach, P. (Author), Troščáková, I. (Author), Kriegerová, K. (Author)
Format: Article
Language:Slovak
PhysicalDescription:Obr.
ISSN:1335-0625
Subjects:

MARC

LEADER 00000nab a2200000 a 4500
001 vtls000782370
003 SK-MaSNL
005 20260304104329.0
008 250429c2001 xo 0 slo
015 |a SNBRB2002/02-04220 
035 |a CLN000134089 
035 |a urn:nbn:sk:snk-ab6wcg 
035 |a (uuid)38558a45-8112-444e-acf9-d2c5d2c12fff 
035 |a (urnnbn)urn:nbn:sk:snk:ar-a062g6 
035 |a (sysno)vtls000782370 
040 |a SNKBUCL  |b slo  |c SNKBUCL  |e AACR2 
041 0 |a slo 
044 |a xo  |c SK 
080 |a 618.19-073  |2 1997 
245 0 0 |a Mamografia a USG diagnostika pooperačných zmien v prsníku  |c Ľ. Legiňáková ... [et al.] 
300 |b Obr. 
504 |a Res. angl., slov. 
504 |a Bibliogr. odkazy 
650 0 7 |a mamografia  |2 snkbucl  |9 15782 
650 0 7 |a prsník  |x zmeny pooperačné  |x sonografia  |2 snkbucl  |9 1404182 
650 0 7 |a sonografia  |x prsník  |2 snkbucl  |9 906042 
655 7 |a články z novín a časopisov  |2 snkbucl  |9 267496 
700 1 |a Legiňová, Ľ.  |4 aut  |9 1130510 
700 1 |a Mach, P.  |4 aut  |9 472814 
700 1 |a Troščáková, I.  |4 aut  |9 1258498 
700 1 |a Kriegerová, K.  |4 aut  |9 1258505 
773 0 |t Slovenská rádiológia  |g Roč. 8, č. 2 (2001), s. 95-102  |x 1335-0625 
850 |a Slovenská národná knižnica 
852 |a Slovenská národná knižnica 
954 |a odborná, vedecká literatúra pôvodná (slovenská)  |2 lita 
958 |a article27 
958 |a MI 
958 |a NB 
958 |a OND 
958 |a EUIPO 
992 |a RBX 
999 |c 2851375  |d 2853305